All 4-Letter Words Starting with “Y” - Statistics

General Stats
  • This quiz has been taken 864 times
    473 since last reset
  • The average score is 27 of 79
Answer Stats
Word % Correct
your
84%
year
81%
yell
79%
yams
76%
yard
73%
yaps
71%
yawn
67%
yeah
67%
yous
66%
yaks
65%
yang
65%
yarn
65%
yack
64%
yuck
61%
yips
60%
yolk
58%
yens
57%
yaws
56%
yeas
55%
yank
54%
yelp
53%
yeti
53%
yews
53%
yule
53%
yeps
52%
yoga
50%
yays
49%
yare
48%
yoke
48%
yore
48%
yurt
47%
yins
43%
yean
42%
yags
41%
yups
41%
yogi
39%
yowl
37%
yobs
36%
yawl
32%
yows
32%
yaff
29%
yawp
29%
yock
28%
yods
27%
yond
26%
yage
22%
yill
22%
yipe
22%
yogh
22%
yagi
20%
yuks
18%
yelk
17%
yoks
17%
yeld
16%
yald
14%
yomp
14%
yoni
14%
yerk
13%
yech
12%
yuke
12%
yuan
11%
yett
10%
yowe
10%
yuca
10%
yuch
9%
yaud
8%
yaup
8%
yoof
8%
yeow
7%
yodh
7%
yutz
6%
yuzu
6%
yegg
5%
yuga
5%
yeuk
4%
yird
3%
yirr
3%
ylem
2%
ywis
1%
No matching quizzes found
Score Distribution
Percent of People with Each Score
Percentile by Number Answered
Your Score History
You have not taken this quiz since the last reset